An investigation of occupancy conditions in rural housing (Record no. 109111)
[ view plain ]
| 000 -LEADER | |
|---|---|
| fixed length control field | 02417cad a22002535a 4500 |
| 001 - CONTROL NUMBER | |
| control field | E146317 |
| 008 - FIXED-LENGTH DATA ELEMENTS--GENERAL INFORMATION | |
| fixed length control field | 090109s2009 xxk f s000 0 eng d |
| 020 ## - INTERNATIONAL STANDARD BOOK NUMBER | |
| International Standard Book Number | 9780755973736 |
| 035 ## - SYSTEM CONTROL NUMBER | |
| System control number | (Sirsi) u146317 |
| 041 0# - LANGUAGE CODE | |
| Language code of text/sound track or separate title | eng |
| 050 04 - LIBRARY OF CONGRESS CALL NUMBER | |
| Classification number | 306.9 $2 18 |
| 100 1# - MAIN ENTRY--PERSONAL NAME | |
| Personal name | Satsangi, Madhu |
| 245 03 - TITLE STATEMENT | |
| Title | An investigation of occupancy conditions in rural housing |
| Medium | [electronic resource] |
| 260 ## - PUBLICATION, DISTRIBUTION, ETC. | |
| Place of publication, distribution, etc. | [Edinburgh] |
| Name of publisher, distributor, etc. | Scottish Government Social Research |
| Date of publication, distribution, etc. | 2009 |
| 505 2# - FORMATTED CONTENTS NOTE | |
| Formatted contents note | Executive summary -- Introduction: aims and objectives; research approach; stage 1 research design; stage 2 initial review of national evidence; stage 3 review of evidence from comparator countries; stage 4 synthesis of evidence; structure of report -- Housing affordibility in rural Scotland: introduction; planning and occupancy restrictions; taxation policy; market context; conclusion 1-- Comparative evidence: introduction; overview of rural housing problems and solutions; approaches to rural planning and housing; main policy initiatives; occupancy controls; conclusion -- Conclusions: introduction; costs and benefits of occupancy controls; restricting purchasers of new market housing development; preventing permanent residences becoming second/holiday homes -- Appendix one: objectives of national reviews -- Appendix two: expert reviews of comparator countries' experiences: occupancy restrictions on rural housing: review of experience in England, Wales and Jersey; occupancy conditions in rural housing: Republic of Ireland; rural Housing in Norway; occupancy conditions in rural housing in Sweden -- List of Tables: table 1.1: assessing the effects of policies; table 2.1: second homes and second home discounts in rural Scotland, 2006-07; table 3.1: overview of rural housing problems and solutions; table 4.1: summary of policy options |
| 520 ## - SUMMARY, ETC. | |
| Summary, etc. | Presents the results of research aimed at investigating the policy approaches to the shortage of housing in rural areas in Scotland and elsewhere in the UK and Europe. Makes recommendations on how such policies could be adapted for use in Scotland. |
| 521 ## - TARGET AUDIENCE NOTE | |
| Target audience note | Advanced |
| 590 ## - LOCAL NOTE (RLIN) | |
| Local note | KA |
| 651 #4 - SUBJECT ADDED ENTRY--GEOGRAPHIC NAME | |
| Geographic name | Scotland |
| Chronological subdivision | 1999- |
| 690 ## - LOCAL SUBJECT ADDED ENTRY--TOPICAL TERM (OCLC, RLIN) | |
| Topical term or geographic name as entry element | PROPERTY-RESIDENTIAL PROPERTY-DOMESTIC RESIDENTIAL PROPERTY-HOUSING |
| 700 1# - ADDED ENTRY--PERSONAL NAME | |
| Personal name | Crawford, Joe |
| 856 40 - ELECTRONIC LOCATION AND ACCESS | |
| Uniform Resource Identifier | <a href="https://www.scotland.gov.uk/Publications/2009/01/08143447/0">https://www.scotland.gov.uk/Publications/2009/01/08143447/0</a> |
| Public note | View the report free of charge at www.scotland.gov.uk... |
| 942 ## - ADDED ENTRY ELEMENTS (KOHA) | |
| Suppress in OPAC | 0 |
| Withdrawn status | Lost status | Source of classification or shelving scheme | Damaged status | Not for loan | Home library | Current library | Shelving location | Date acquired | Total Checkouts | Full call number | Barcode | Date last seen | Copy number | Price effective from | Koha item type |
|---|---|---|---|---|---|---|---|---|---|---|---|---|---|---|---|
| Dewey Decimal Classification | Virtual | Virtual | Online | 09/01/2009 | ONLINE PUBLICATION | 146317-2001 | 06/08/2019 | 1 | 06/08/2019 | Book |